Gaming Quiz

Random Gaming or Video Games Quiz

NBA Jam TE Players Quiz Stats

 Plays Quiz Updated Feb 7, 2020

Support Sporcle.
Go Orange.
Score 0/84 Timer 12:00
2 Plays Today
Team Player % Correct
Chicago BullsScottie Pippen
87.5%
Charlotte HornetsLarry Johnson
86.1%
Phoenix SunsKevin Johnson
85.8%
Utah JazzKarl Malone
80.4%
San Antonio SpursDavid Robinson
80.3%
Portland Trail BlazersClifford Robinson
79.6%
Philadelphia 76ersJeff Malone
79.5%
Utah JazzJohn Stockton
78.4%
New York KnicksPatrick Ewing
77.5%
Indiana PacersReggie Miller
76.3%
Orlando MagicPenny Hardaway
76.2%
Detroit PistonsOliver Miller
75.5%
Houston RocketsHakeem Olajuwon
75.2%
Seattle SuperSonicsShawn Kemp
72.7%
Portland Trail BlazersClyde Drexler
71.4%
Seattle SuperSonicsGary Payton
71.4%
Boston CelticsDominique Wilkins
68.5%
Charlotte HornetsAlonzo Mourning
68%
Cleveland CavaliersGerald Wilkins
68%
Miami HeatSteve Smith
66.4%
San Antonio SpursDennis Rodman
64.2%
Washington BulletsChris Webber
62.4%
New York KnicksJohn Starks
62.1%
Orlando MagicHorace Grant
61.8%
Dallas MavericksJim Jackson
60%
Sacramento KingsSpud Webb
59.3%
Detroit PistonsJoe Dumars
54%
Sacramento KingsMitch Richmond
53.9%
Team Player % Correct
Cleveland CavaliersMark Price
52%
Denver NuggetsDikembe Mutombo
51.4%
Utah JazzJeff Hornacek
51%
Los Angeles LakersVlade Divac
50.7%
Orlando MagicNick Anderson
50.5%
New Jersey NetsKenny Anderson
50.5%
Indiana PacersRik Smits
49.4%
Chicago BullsToni Kukoc
49.4%
Seattle SuperSonicsDetlef Schrempf
49.1%
Charlotte HornetsMuggsy Bogues
48.8%
New York KnicksCharles Oakley
48.4%
Chicago BullsB. J. Armstrong
46.9%
Miami HeatGlen Rice
46.3%
Dallas MavericksTerry Davis
41.2%
New Jersey NetsDerrick Coleman
41%
Los Angeles LakersNick Van Exel
40.1%
Phoenix SunsDan Majerle
39.9%
Cleveland CavaliersBrad Daugherty
39.2%
RookiesMonty Williams
38.6%
Dallas MavericksJamal Mashburn
38.1%
San Antonio SpursSean Elliott
38.1%
Houston RocketsRobert Horry
37.8%
Portland Trail BlazersTerry Porter
37.8%
Golden State WarriorsLatrell Sprewell
36.2%
Boston CelticsDee Brown
35.4%
Minnesota TimberwolvesChristian Laettner
35.3%
Phoenix SunsDanny Manning
33.2%
Denver NuggetsLaPhonso Ellis
31.7%
Team Player % Correct
Atlanta HawksMookie Blaylock
29.8%
Atlanta HawksKevin Willis
26.7%
Golden State WarriorsRony Seikaly
26.2%
Philadelphia 76ersShawn Bradley
26%
Houston RocketsOtis Thorpe
25.9%
Golden State WarriorsTom Gugliotta
25%
Washington BulletsScott Skiles
23%
Milwaukee BucksVin Baker
22.4%
Atlanta HawksStacey Augmon
22%
Minnesota TimberwolvesIsaiah Rider
20.7%
Los Angeles ClippersPooh Richardson
17.8%
Minnesota TimberwolvesDoug West
17.1%
Denver NuggetsMahmoud Abdul-Rauf
17.1%
Boston CelticsDino Radja
17%
RookiesWesley Person
16.8%
Miami HeatHarold Miner
16.7%
Philadelphia 76ersClarence Weatherspoon
15.3%
RookiesBrooks Thompson
14.3%
Indiana PacersDerrick McKey
13.4%
New Jersey NetsKevin Edwards
13.1%
Los Angeles ClippersStanley Roberts
12.9%
Washington BulletsCalbert Cheaney
11.9%
Los Angeles LakersAnthony Peeler
10.3%
Detroit PistonsTerry Mills
10.2%
Milwaukee BucksTodd Day
9.2%
Sacramento KingsLionel Simmons
7.8%
Los Angeles ClippersMalik Sealy
7.8%
Milwaukee BucksEric Murdock
6.3%

From the Vault

Actor Movie Chain: 1990s

by kfastic

Movies 5m
Extra credit if you find the weakest link.
Remove Ads.
Support Sporcle.
Get the best of Sporcle when you Go Orange. This ad-free experience offers more features, more stats, and more fun while also helping to support Sporcle. Thank you for becoming a member.

Show Comments

Extras

Top Quizzes Today


Score Distribution

Your Account Isn't Verified!

In order to create a playlist on Sporcle, you need to verify the email address you used during registration. Go to your Sporcle Settings to finish the process.

Report this User

Report this user for behavior that violates our Community Guidelines.

Details: